[Event "Game 1037 - Rated game, 15m + 0s"]
[Site "Main Playing Hall"]
[Date "2003.02.21"]
[Round "?"]
[White "kmreese"]
[Black "blacky1"]
[Result "0-1"]
[WhiteElo "1347"]
[BlackElo "1460"]
[Annotator "White - Resign"]
[PlyCount "68"]
[EventDate "2003.??.??"]

1. e4 e5 2. Bc4 Nf6 3. Nc3 Bb4 4. Nf3 O-O
5. Nxe5 Bxc3 6. dxc3 Nxe4 7. Qd5 Nd6 8. Bb3 Re8
9. O-O Nc6 10. Nxf7 Nxf7 11. Qxf7+ Kh8 12. Be3 Ne5
13. Qh5 d5 14. Rad1 Bg4 15. Bg5 Bxh5 16. Bxd8 Bxd1
17. Bxd5 Raxd8 18. Rxd1 c6 19. f4 Ng4 20. h3 Ne3
21. Re1 Nxd5 22. Rxe8+ Rxe8 23. c4 Nf6 24. f5 Re2
25. b4 Rxc2 26. a4 Rxc4 27. g4 Rxb4 28. a5 Ra4
29. g5 Ne4 30. Kg2 Nxg5 31. h4 Ne4 32. Kf3 Nd6
33. h5 Nxf5 34. h6 gxh6 {White - Resign} 0-1

[Event "Game 1038 - Rated game, 15m + 0s"]
[Site "Beginners"]
[Date "2003.02.21"]
[Round "?"]
[White "blacky1"]
[Black "kmreese"]
[Result "1-0"]
[WhiteElo "1472"]
[BlackElo "1335"]
[Annotator "Black - Resign"]
[PlyCount "53"]
[EventDate "2003.??.??"]

1. e4 Nf6 2. e5 Nd5 3. Qf3 e6 4. Nc3 c6
5. Nxd5 cxd5 6. d4 Qa5+ 7. Bd2 Bb4 8. c3 Be7
9. Bd3 Nc6 10. Nh3 O-O 11. O-O d6 12. Qh5 h6
13. Ng5 Bxg5 14. Bxg5 dxe5 15. Bf6 e4 16. Be2 e5
17. Bg4 Bxg4 18. Qxg4 g6 19. h4 exd4 20. cxd4 Rae8
21. h5 e3 22. hxg6 exf2+ 23. Kh1 Re1 24. gxf7+ Kxf7
25. Qg7+ Ke8 26. Kh2 Qc7+ 27. Qxc7 {Black - Resign} 1-0

[Event "Game 1039 - Friendly Game, 15m + 0s"]
[Site "Main Playing Hall"]
[Date "2003.02.21"]
[Round "?"]
[White "BullGator"]
[Black "kmreese"]
[Result "0-1"]
[WhiteElo "1499"]
[BlackElo "1323"]
[PlyCount "60"]
[EventDate "2003.??.??"]

1. e4 c5 2. Nf3 d6 3. c3 Nf6 4. e5 dxe5
5. Nxe5 g6 6. Bc4 e6 7. O-O Bg7 8. d4 Ng4
9. Nxg4 cxd4 10. Bb5+ Bd7 11. Bxd7+ Nxd7 12. cxd4 O-O
13. Bf4 g5 14. Bd6 Re8 15. Re1 Rc8 16. Nc3 Nb6
17. Be5 f6 18. Bg3 h5 19. Nh6+ Bxh6 20. Qxh5 Bg7
21. Re4 f5 22. Ree1 f4 23. Ne4 Qxd4 24. Qxg5 fxg3
25. hxg3 Rf8 26. Rad1 Qxb2 27. Nd6 Qxf2+ 28. Kh2 Rc5
29. Rxe6 Rxg5 30. Ne4 Rh5# 0-1

[Event "Game 1040 - Rated game, 15m + 0s"]
[Site "Main Playing Hall"]
[Date "2003.02.21"]
[Round "?"]
[White "TheBishop"]
[Black "kmreese"]
[Result "1-0"]
[WhiteElo "1575"]
[BlackElo "1323"]
[Annotator "Black - Resign"]
[PlyCount "95"]
[EventDate "2003.??.??"]

1. e4 c5 2. Nf3 d6 3. d4 g6 4. Nc3 Bg7
5. dxc5 Nc6 6. cxd6 exd6 7. Bb5 Bd7 8. O-O Ne5
9. Qxd6 Ne7 10. Nxe5 Bxb5 11. Qxd8+ Rxd8 12. Nxb5 Bxe5
13. Nxa7 O-O 14. c3 f5 15. f3 fxe4 16. fxe4 Rxf1+
17. Kxf1 Rd1+ 18. Ke2 Rh1 19. g3 Rxh2+ 20. Kf3 h5
21. Be3 Rh3 22. Bf2 h4 23. Rg1 g5 24. Kg4 Rh2
25. Kf3 Ng6 26. gxh4 Nxh4+ 27. Ke2 Bf4 28. Nb5 Kg7
29. Nd4 Kf6 30. Nf3 Rh3 31. Nxh4 gxh4 32. Be3 Rh2+
33. Bf2 Bg3 34. Kf3 Rxf2+ 35. Kg4 Rf4+ 36. Kh3 Bf2
37. Rf1 Rf3+ 38. Kg2 Rf4 39. Rxf2 h3+ 40. Kf1 h2
41. Rxf4+ Kg5 42. Rf5+ Kg4 43. Kg2 h1=Q+ 44. Kxh1 Kg3
45. e5 Kg4 46. Rf1 Kg3 47. e6 Kh3 48. e7 {Black - Resign} 1-0

[Event "Game 1041 - Rated game, 10m + 2s"]
[Site "Beginners"]
[Date "2003.02.22"]
[Round "?"]
[White "kmreese"]
[Black "aarfolt"]
[Result "1-0"]
[WhiteElo "1316"]
[BlackElo "1199"]
[Annotator "Black - Time"]
[PlyCount "57"]
[EventDate "2003.??.??"]

1. e4 e5 2. Nf3 Nc6 3. Bc4 Nf6 4. c3 Na5
5. b4 Nxc4 6. b5 Bc5 7. Qa4 Nb6 8. Qb3 c6
9. Nxe5 O-O 10. d4 Bd6 11. Bg5 Qe7 12. f4 Bc7
13. O-O cxb5 14. Ng4 h6 15. Bxf6 gxf6 16. Nxh6+ Kh7
17. Nf5 Qe8 18. e5 d5 19. exd6 Bxf5 20. dxc7 Qc6
21. Nd2 Rg8 22. g3 Bh3 23. Rf2 Rg4 24. Qxf7+ Rg7
25. Qh5+ Kg8 26. Qxh3 Kf7 27. Re1 Rag8 28. Ne4 Qc4
29. Nd6+ {Black - Time} 1-0

[Event "Game 1042 - Rated game, 20m + 2s"]
[Site "Beginners"]
[Date "2003.02.22"]
[Round "?"]
[White "kmreese"]
[Black "aarfolt"]
[Result "1-0"]
[WhiteElo "1551"]
[BlackElo "1428"]
[Annotator "Black - Resign"]
[PlyCount "45"]
[EventDate "2003.??.??"]

1. e4 e5 2. f4 exf4 3. Nf3 Nf6 4. Bd3 Be7
5. Nc3 Nh5 6. Bc4 Bh4+ 7. g3 fxg3 8. Bxf7+ Kxf7
9. Nxh4 Qxh4 10. Rf1+ Nf4 11. Qf3 gxh2+ 12. Kd1 g5
13. Ne2 Rf8 14. d4 Qh3 15. Qxh3 Kg8 16. Qb3+ Kg7
17. Nxf4 Rxf4 18. Bxf4 gxf4 19. Rh1 d5 20. Qxd5 Bg4+
21. Kd2 c6 22. Qg5+ Kf7 23. Qxg4 {Black - Resign} 1-0

[Event "Game 1043 - Rated game, 15m + 0s"]
[Site "Beginners"]
[Date "2003.02.22"]
[Round "?"]
[White "settembrini"]
[Black "kmreese"]
[Result "0-1"]
[WhiteElo "1467"]
[BlackElo "1329"]
[Annotator "White - Resign"]
[PlyCount "92"]
[EventDate "2003.??.??"]

1. d4 Nf6 2. c4 d5 3. Nc3 e6 4. e3 dxc4
5. Bxc4 c5 6. Nf3 Nc6 7. a3 cxd4 8. exd4 e5
9. d5 Ng4 10. h3 Nxf2 11. Kxf2 Bc5+ 12. Be3 Bxe3+
13. Kxe3 Qb6+ 14. Ke2 Qxb2+ 15. Qd2 Qxd2+ 16. Nxd2 Nd4+
17. Kd1 O-O 18. Re1 Bf5 19. g4 Bg6 20. Rxe5 h5
21. Nb3 Bc2+ 22. Ke1 Nf3+ 23. Kf2 Nxe5 24. Nd4 Nxc4
25. Nxc2 Ne5 26. gxh5 Rae8 27. Ne4 Nd3+ 28. Ke3 Nb2
29. Kd4 f5 30. Nd6 Rb8 31. Rb1 Na4 32. Nxb7 Rf6
33. Nb4 Rxb7 34. Ke5 Kf7 35. Rg1 Nc5 36. Rg3 Nd7+
37. Kf4 Rc7 38. Rg5 Rc4+ 39. Kg3 f4+ 40. Kf3 Rc3+
41. Ke4 Nc5+ 42. Ke5 Re3+ 43. Kd4 Ne6+ 44. Kc4 Nxg5
45. Nd3 f3 46. Kc5 Rxd3 {White - Resign} 0-1

[Event "Game 1044 - Rated game, 15m + 0s"]
[Site "Main Playing Hall"]
[Date "2003.02.22"]
[Round "?"]
[White "Hawk"]
[Black "kmreese"]
[Result "1-0"]
[WhiteElo "1271"]
[BlackElo "1353"]
[Annotator "Black - Resign"]
[PlyCount "73"]
[EventDate "2003.??.??"]

1. e4 c5 2. Bc4 d6 3. Nf3 f6 4. O-O Nc6
5. Bb5 g6 6. d4 Bg7 7. d5 a6 8. Ba4 b5
9. Bxb5 axb5 10. dxc6 Bg4 11. Qd5 e6 12. c7 Qc8
13. Qc6+ Kf7 14. Qxd6 Bf8 15. Ne5+ fxe5 16. Qxe5 Nf6
17. Bg5 Bg7 18. Qf4 h6 19. Bxf6 Bxf6 20. e5 Bf5
21. exf6 Kxf6 22. Nc3 Kg7 23. Qe5+ Kh7 24. Nxb5 Qd7
25. Qxc5 Ra5 26. Rad1 Qc8 27. Qe7+ Kg8 28. Nd6 Rh7
29. Nxc8 Rxe7 30. Nxe7+ Kf7 31. Nxf5 Rc5 32. Rd7+ Kf6
33. Ne7 Kg5 34. b4 Rxc2 35. b5 h5 36. c8=Q Rxc8
37. Nxc8 {Black - Resign} 1-0

[Event "Game 1045 - Rated game, 15m + 0s"]
[Site "Main Playing Hall"]
[Date "2003.02.22"]
[Round "?"]
[White "kmreese"]
[Black "Trkulja"]
[Result "0-1"]
[WhiteElo "1331"]
[BlackElo "1229"]
[Annotator "White - Resign"]
[PlyCount "104"]
[EventDate "2003.??.??"]

1. e4 e5 2. Bc4 g6 3. f4 exf4 4. d4 Bh6
5. Nf3 Nf6 6. Bxf7+ Kxf7 7. Ne5+ Kg7 8. g4 Nxe4
9. g5 Bxg5 10. Rg1 d6 11. Nf3 Bh6 12. h4 Ng3
13. d5 Bg4 14. Qd4+ Kf7 15. Ng5+ Bxg5 16. hxg5 Qxg5
17. Qxh8 Qe5+ 18. Qxe5 dxe5 19. Nd2 Bf5 20. Nc4 Bxc2
21. Nxe5+ Kf6 22. Bxf4 Ne4 23. Ng4+ Kf5 24. Bxc7 Na6
25. Bh2 Re8 26. Nh6+ Kf6 27. Rf1+ Kg7 28. Rf7+ Kxh6
29. Bf4+ Kh5 30. Rxh7+ Kg4 31. Be3 Nb4 32. Ke2 Nxd5
33. Rg1+ Ng3+ 34. Kd2 Nxe3 35. Rd7 Bf5 36. Rd4+ Re4
37. Rd3 Nc4+ 38. Kc3 Kf4 39. b3 Ne2+ 40. Kc2 Nxg1
41. bxc4 Re2+ 42. Kc3 Bxd3 43. Kxd3 g5 44. c5 g4
45. Kd4 Re4+ 46. Kd5 Re2 47. Kd6 Rc2 48. a4 Nf3
49. a5 Ne5 50. a6 bxa6 51. Kd5 g3 52. Kd4 g2 {White - Resign} 0-1

[Event "Game 1046 - Rated game, 15m + 0s"]
[Site "Beginners"]
[Date "2003.02.22"]
[Round "?"]
[White "doctor dog"]
[Black "kmreese"]
[Result "0-1"]
[WhiteElo "1098"]
[BlackElo "1308"]
[PlyCount "44"]
[EventDate "2003.??.??"]

1. e4 c5 2. Nf3 d6 3. Bc4 f6 4. d4 cxd4
5. Nxd4 d5 6. exd5 Nd7 7. O-O Ne5 8. Re1 Nxc4
9. Ne6 Qb6 10. b3 Ne5 11. Bf4 Ng4 12. Nc7+ Kf7
13. Qe2 e5 14. Nxa8 Bc5 15. Nxb6 Bxb6 16. Be3 Nxe3
17. fxe3 Ne7 18. Rd1 h5 19. Nc3 Nf5 20. Qxh5+ Rxh5
21. Rf1 Bxe3+ 22. Kh1 Ng3# 0-1

[Event "Game 1049 - Rated game, 15m + 0s"]
[Site "Beginners"]
[Date "2003.02.22"]
[Round "?"]
[White "Gyrotron"]
[Black "kmreese"]
[Result "0-1"]
[WhiteElo "1160"]
[BlackElo "1316"]
[PlyCount "70"]
[EventDate "2003.??.??"]

1. e3 d5 2. d4 Nf6 3. Nh3 Ne4 4. Bb5+ c6
5. Ba4 Qa5+ 6. c3 Qa6 7. Bc2 Bf5 8. Bd3 Nxf2
9. Nxf2 Bxd3 10. Nxd3 Nd7 11. O-O h5 12. Ne5 Nf6
13. Qf3 h4 14. h3 e6 15. b3 Bd6 16. Na3 Rh5
17. c4 Rf5 18. Qe2 Ne4 19. Rf3 Ng3 20. Qf2 Rxf3
21. gxf3 dxc4 22. Naxc4 Bxe5 23. Nxe5 Ne2+ 24. Kg2 Nf4+
25. exf4 f6 26. Ng6 Rd8 27. Qxh4 Rxd4 28. Be3 Qe2+
29. Kg3 Qxe3 30. Qh8+ Kd7 31. Nf8+ Kd6 32. Ng6 Rd3
33. Qd8+ Kc5 34. Re1 Qxf3+ 35. Kh4 Qxh3# 0-1

[Event "Game 1050 - Rated game, 15m + 0s"]
[Site "Beginners"]
[Date "2003.02.22"]
[Round "?"]
[White "kmreese"]
[Black "Gyrotron"]
[Result "1-0"]
[WhiteElo "1327"]
[BlackElo "1149"]
[PlyCount "65"]
[EventDate "2003.??.??"]

1. e4 g6 2. f4 Nf6 3. e5 Ng4 4. Qxg4 f5
5. exf6 exf6 6. Bc4 f5 7. Qf3 d6 8. Qd5 Qe7+
9. Ne2 Be6 10. Qb5+ c6 11. Qa4 Bg7 12. O-O b5
13. Qb3 Bxc4 14. Qg3 Bxe2 15. Re1 O-O 16. Nc3 Bd4+
17. Kh1 Qf6 18. Rxe2 b4 19. Na4 c5 20. d3 Nc6
21. Bd2 Rae8 22. Rae1 Qf7 23. Qf3 Qd7 24. c3 Bf6
25. Qd5+ Kh8 26. cxb4 Nd4 27. Nxc5 Qb5 28. Bc3 Rxe2
29. Rxe2 h6 30. Bxd4 Qxb4 31. Bxf6+ Kh7 32. Re7+ Rf7
33. Qxf7# 1-0

[Event "Game 1052 - Friendly Game, 10m + 0s"]
[Site "Main Playing Hall"]
[Date "2003.02.22"]
[Round "?"]
[White "kmreese"]
[Black "RIFF"]
[Result "1-0"]
[WhiteElo "1336"]
[BlackElo "1361"]
[Annotator "Black - Time"]
[PlyCount "55"]
[EventDate "2003.??.??"]

1. e4 e5 2. Nf3 Nc6 3. Bc4 Be7 4. Nc3 Nf6
5. Bxf7+ Kxf7 6. Ng5+ Ke8 7. d3 h6 8. Nf3 d6
9. O-O Be6 10. d4 Bg4 11. dxe5 Bxf3 12. Qxf3 dxe5
13. Rd1 Qc8 14. Nd5 Rf8 15. Nxf6+ Bxf6 16. Qh5+ Ke7
17. f4 a5 18. fxe5 Nxe5 19. Bf4 Qe6 20. Rd5 Qb6+
21. Kh1 Qxb2 22. Rad1 g6 23. Qxh6 Rad8 24. Rxd8 Rxd8
25. Qh7+ Nf7 26. Rg1 Qxc2 27. e5 Rd1 28. exf6+ {Black - Time} 1-0

[Event "Game 1053 - Friendly Game, No clock"]
[Site "Main Playing Hall"]
[Date "2003.02.22"]
[Round "?"]
[White "RIFF"]
[Black "kmreese"]
[Result "1-0"]
[WhiteElo "1361"]
[BlackElo "1336"]
[Annotator "Black - Resign"]
[PlyCount "61"]
[EventDate "2003.??.??"]

1. d4 Nf6 2. c4 d5 3. Nc3 dxc4 4. e3 Be6
5. Nf3 h6 6. Ne5 c5 7. Nxc4 Na6 8. a3 cxd4
9. exd4 Bf5 10. Ne3 e6 11. Bb5+ Nd7 12. Nxf5 exf5
13. Qe2+ Be7 14. Nd5 Qa5+ 15. Nc3 O-O 16. Bxd7 Bb4
17. O-O Bxc3 18. bxc3 Qxc3 19. Bb2 Qc7 20. Bxf5 Rfe8
21. Qg4 g6 22. Rad1 Re7 23. Rfe1 Rae8 24. Rxe7 Rxe7
25. d5 Qa5 26. g3 Nc5 27. Qd4 f6 28. Bxg6 Nb3
29. Qxf6 Re1+ 30. Rxe1 Qxe1+ 31. Kg2 {Black - Resign} 1-0

[Event "Game 1054 - Friendly Game, No clock"]
[Site "Main Playing Hall"]
[Date "2003.02.22"]
[Round "?"]
[White "kmreese"]
[Black "RIFF"]
[Result "0-1"]
[WhiteElo "1336"]
[BlackElo "1361"]
[Annotator "White - Resign"]
[PlyCount "96"]
[EventDate "2003.??.??"]

1. e4 c5 2. f4 e6 3. e5 Qc7 4. Nf3 d6
5. d4 cxd4 6. Nxd4 a6 7. b3 b6 8. Ba3 Be7
9. exd6 Bxd6 10. f5 Bxa3 11. Nxa3 Qe5+ 12. Ne2 Qxf5
13. Nc4 Ke7 14. Nxb6 Qa5+ 15. c3 Qxb6 16. Nd4 Nf6
17. Qe2 Rd8 18. Nf5+ Kf8 19. g4 exf5 20. Qg2 Qe6+
21. Be2 Ne4 22. O-O Qb6+ 23. Kh1 Bb7 24. Bf3 Rd2
25. Qh3 Nf2+ 26. Rxf2 Rxf2 27. Bxb7 Qxb7+ 28. Kg1 Rf3
29. Qxh7 Qa7+ 30. Kh1 Nd7 31. Qh8+ Ke7 32. Re1+ Kd6
33. Qh6+ f6 34. Qd2+ Kc7 35. c4 a5 36. Qg2 Rf2
37. Qg3+ Ne5 38. gxf5 Qb7+ 39. Kg1 Rxa2 40. Qxg7+ Kb8
41. Qf8+ Ka7 42. Qc5+ Ka6 43. Qb5+ Qxb5 44. cxb5+ Kxb5
45. Rd1 Rg8+ 46. Kf1 Kb4 47. h4 Nf3 48. h5 Rgg2 {White - Resign} 0-1

[Event "Game 1055 - Rated game, 15m + 0s"]
[Site "Beginners"]
[Date "2003.02.23"]
[Round "?"]
[White "kmreese"]
[Black "Der Nichtskonner"]
[Result "0-1"]
[WhiteElo "1336"]
[BlackElo "1572"]
[Annotator "White - Resign"]
[PlyCount "52"]
[EventDate "2003.??.??"]

1. e4 c5 2. f4 Nc6 3. Nf3 d6 4. Bc4 b6
5. c3 Bb7 6. Ng5 e6 7. f5 Qxg5 8. fxe6 Qh4+
9. g3 Qxe4+ 10. Be2 Qxe6 11. O-O Ne5 12. Bg4 Nxg4
13. Re1 Ne5 14. d4 Qh3 15. Re2 Bf3 16. Rxe5+ dxe5
17. Qxf3 Rc8 18. Qb7 exd4 19. Qe4+ Be7 20. Bf4 Nf6
21. Qb7 dxc3 22. Nd2 cxd2 23. Bxd2 Rd8 24. Re1 Qd7
25. Qg2 Qxd2 26. Re2 Qd1+ { White - Resign} 0-1

[Event "Game 1056 - Rated game, 15m + 0s"]
[Site "Beginners"]
[Date "2003.02.23"]
[Round "?"]
[White "kmreese"]
[Black "jacky83"]
[Result "1-0"]
[WhiteElo "1329"]
[BlackElo "1269"]
[Annotator "Black - Resign"]
[PlyCount "67"]
[EventDate "2003.??.??"]

1. e4 e5 2. Nf3 Nc6 3. Bc4 Bc5 4. O-O h6
5. d3 d6 6. Nc3 Bg4 7. h3 Bh5 8. g4 Bg6
9. Nd5 Nge7 10. Nxe7 Qxe7 11. g5 hxg5 12. Nxg5 f6
13. Ne6 Nd4 14. Qg4 Nxe6 15. Qxg6+ Qf7 16. Qf5 Ke7
17. Be3 Rh5 18. Qg4 Rah8 19. d4 exd4 20. Bf4 g5
21. Bg3 Rxh3 22. Rae1 Rh1+ 23. Kg2 Rxf1 24. Rxf1 Nf4+
25. Bxf4 Qxc4 26. Bxg5 Rg8 27. Bxf6+ Kf7 28. Bg5 d5
29. Qf5+ Ke8 30. Qe6+ Be7 31. Qxg8+ Kd7 32. Qg7 Qxc2
33. Qxe7+ Kc6 34. Rc1 {Black - Resign} 1-0

[Event "Game 1057 - Rated game, 15m + 0s"]
[Site "Beginners"]
[Date "2003.02.23"]
[Round "?"]
[White "jacky83"]
[Black "kmreese"]
[Result "1-0"]
[WhiteElo "1269"]
[BlackElo "1329"]
[Annotator "Black - Resign"]
[PlyCount "59"]
[EventDate "2003.??.??"]

1. e4 Nf6 2. Nc3 c6 3. d4 d5 4. e5 Ne4
5. Nxe4 dxe4 6. f3 exf3 7. Nxf3 Bg4 8. Be2 h5
9. O-O e6 10. Ng5 Be7 11. Nxf7 Qd5 12. Nxh8 Bxe2
13. Qxe2 Qxd4+ 14. Kh1 Nd7 15. Qxh5+ Kd8 16. Nf7+ Kc7
17. c3 Qd3 18. Bg5 Rf8 19. Bxe7 Nxe5 20. Bxf8 Nc4
21. Bxg7 Ne3 22. Be5+ Kb6 23. Bd4+ Ka6 24. Bxe3 Qxe3
25. Rae1 Qb6 26. Qe2+ Ka5 27. b4+ Ka4 28. Qc2+ Kb5
29. a4+ Ka6 30. Qd3+ {Black - Resign} 1-0

[Event "Game 1063 - Friendly Game, No clock"]
[Site "Main Playing Hall"]
[Date "2003.02.23"]
[Round "?"]
[White "kmreese"]
[Black "RIFF"]
[Result "1-0"]
[WhiteElo "1321"]
[BlackElo "1380"]
[PlyCount "63"]
[EventDate "2003.??.??"]

1. e4 e5 2. Nf3 Nc6 3. Bc4 d6 4. d3 Bg4
5. h3 Bh5 6. g4 Bg6 7. Ng5 Nd4 8. c3 h6
9. h4 Be7 10. cxd4 hxg5 11. h5 Bh7 12. Qf3 Nf6
13. h6 g6 14. Bxg5 exd4 15. Bxf6 Bxf6 16. e5 dxe5
17. g5 e4 18. dxe4 Qd6 19. gxf6 Qb4+ 20. Nd2 O-O-O
21. Bxf7 Kb8 22. Bd5 Rhe8 23. f7 Re5 24. Kd1 g5
25. Qf6 Qe7 26. Qg7 Bxe4 27. Bxe4 Rf8 28. Bg6 Qd7
29. h7 Qg4+ 30. f3 Qg2 31. Qxf8+ Re8 32. fxe8=Q# 1-0

[Event "Game 1064 - Friendly Game, 15m + 0s"]
[Site "Main Playing Hall"]
[Date "2003.02.24"]
[Round "?"]
[White "chesstastic"]
[Black "kmreese"]
[Result "0-1"]
[WhiteElo "1095"]
[BlackElo "1321"]
[Annotator "White - Resign"]
[PlyCount "48"]
[EventDate "2003.??.??"]

1. e4 c5 2. Nf3 Nc6 3. Nc3 e6 4. Bb5 a6
5. Bxc6 dxc6 6. e5 f6 7. d3 fxe5 8. Nxe5 Qf6
9. Qh5+ g6 10. Qg5 Qg7 11. f4 Ne7 12. Be3 h6
13. Qh4 Nf5 14. Qg4 Nxe3 15. Qf3 Nxc2+ 16. Kf2 Nxa1
17. Rxa1 Bd6 18. Nxc6 Bxf4 19. Qxf4 Rf8 20. g3 Rxf4+
21. gxf4 bxc6 22. Ne4 Qxb2+ 23. Kf3 Qxa1 24. Nd6+ Kd7 {White - Resign} 0-1

[Event "Game 1066 - Rated game, 15m + 0s"]
[Site "Main Playing Hall"]
[Date "2003.02.24"]
[Round "?"]
[White "kmreese"]
[Black "ShugRay"]
[Result "0-1"]
[WhiteElo "1351"]
[BlackElo "1324"]
[PlyCount "46"]
[EventDate "2003.??.??"]

1. e4 c5 2. f4 Nc6 3. e5 d6 4. exd6 Qxd6
5. Nf3 Bg4 6. Be2 Nd4 7. O-O Nf6 8. d3 g6
9. Nxd4 Bxe2 10. Qxe2 cxd4 11. f5 Bg7 12. Bf4 Qb4
13. Re1 O-O 14. Bd2 Qxb2 15. Qxe7 Rfe8 16. Qb4 Rxe1+
17. Bxe1 Qxa1 18. Qxb7 Re8 19. Bb4 Qxb1+ 20. Kf2 Qxc2+
21. Kg3 Qxd3+ 22. Kh4 Re4+ 23. g4 Rxg4# 0-1

[Event "Game 1068 - Rated game, 15m + 0s"]
[Site "Main Playing Hall"]
[Date "2003.02.25"]
[Round "?"]
[White "kmreese"]
[Black "Domus"]
[Result "1-0"]
[WhiteElo "1332"]
[BlackElo "1355"]
[Annotator "Black - Resign"]
[PlyCount "63"]
[EventDate "2003.??.??"]

1. e4 c5 2. Nf3 d6 3. e5 Nc6 4. exd6 e5
5. Bc4 Bxd6 6. d3 Nf6 7. Bxf7+ Kxf7 8. Ng5+ Kg8
9. c3 Be7 10. Qb3+ Qd5 11. c4 Qxg2 12. Rf1 Qxh2
13. Nd2 Ng4 14. Ndf3 Qxf2+ 15. Rxf2 Bxg5 16. Nxg5 Nxf2
17. Kxf2 Nd4 18. Qa4 Bf5 19. Be3 Nc6 20. Bxc5 h6
21. Nf3 Bxd3 22. Rd1 e4 23. Ne1 Rf8+ 24. Ke3 Rf5
25. Nxd3 exd3 26. Rxd3 Rxc5 27. b4 Rxc4 28. Qb5 Rxb4
29. Qd5+ Kh7 30. Qf5+ Kg8 31. Rd7 a5 32. Qf7+ { Black - Resign} 1-0

[Event "Game 1072 - Rated game, 10m + 5s"]
[Site "Main Playing Hall"]
[Date "2003.02.26"]
[Round "?"]
[White "Kalith"]
[Black "kmreese"]
[Result "0-1"]
[WhiteElo "1285"]
[BlackElo "1351"]
[Annotator "White - Resign"]
[PlyCount "32"]
[EventDate "2003.??.??"]

1. g3 e5 2. Bg2 d5 3. e4 d4 4. d3 Nc6
5. Nd2 Nf6 6. Ne2 Bb4 7. O-O Bg4 8. f3 Bh5
9. f4 Ng4 10. fxe5 Ne3 11. Qe1 Nxc2 12. Qf2 Nxa1
13. g4 Bg6 14. h4 Nxe5 15. h5 Nxg4 16. hxg6 Nxf2 {White - Resign} 0-1

[Event "Game 1073 - Rated game, 30m + 0s"]
[Site "Main Playing Hall"]
[Date "2003.02.26"]
[Round "?"]
[White "kmreese"]
[Black "Gitt"]
[Result "0-1"]
[WhiteElo "1602"]
[BlackElo "1597"]
[Annotator "White - Resign"]
[PlyCount "84"]
[EventDate "2003.??.??"]

1. e4 e5 2. f4 d5 3. fxe5 Qh4+ 4. g3 Qxe4+
5. Ne2 Qxh1 6. d4 Qxh2 7. c4 Bg4 8. Bf4 Qh5
9. e6 Bxe6 10. Bxc7 dxc4 11. Nbc3 Bb4 12. Qa4+ Nc6
13. Nf4 Qf5 14. O-O-O Nge7 15. Bh3 Qf6 16. d5 Bxc3
17. dxe6 Bxb2+ 18. Kb1 O-O 19. Qxc4 Ne5 20. Bxe5 Qxe5
21. exf7+ Kh8 22. Nd3 Qxg3 23. Bd7 Bf6 24. Nf4 Qf2
25. Nd3 Qb6+ 26. Bb5 a6 27. Rh1 axb5 28. Rxh7+ Kxh7
29. Qe4+ Ng6 30. Qh1+ Bh4 31. Ne5 Qe6 32. Nxg6 Qxg6+
33. Kc1 Rac8+ 34. Kd2 Qg5+ 35. Kd3 Rcd8+ 36. Kc3 Qd2+
37. Kb3 Qd3+ 38. Kb4 Qd4+ 39. Kb3 Rxf7 40. Qb1+ Kg8
41. a4 Rf3+ 42. Ka2 Qxa4+ { White - Resign} 0-1

[Event "Game 1074 - Rated game, 15m + 0s"]
[Site "Main Playing Hall"]
[Date "2003.02.26"]
[Round "?"]
[White "kmreese"]
[Black "rag"]
[Result "0-1"]
[WhiteElo "1366"]
[BlackElo "1315"]
[PlyCount "76"]
[EventDate "2003.??.??"]

1. e4 e5 2. Nf3 Nc6 3. Bc4 h6 4. Nc3 Nf6
5. O-O Bc5 6. Bxf7+ Kxf7 7. Nh4 d6 8. Nd5 Bg4
9. Nf3 Nxe4 10. h3 Be6 11. Nxe5+ dxe5 12. Qf3+ Nf6
13. b4 Bf8 14. Nxf6 Qxf6 15. Qe2 Nxb4 16. Bb2 Bd6
17. f4 Kg8 18. fxe5 Qg6 19. exd6 cxd6 20. Rac1 Kh7
21. a3 Nxc2 22. Rxc2 Qxc2 23. Qxe6 Rae8 24. Qg4 Qxb2
25. Rf5 Qxd2 26. Rf7 Qe1+ 27. Kh2 Qe5+ 28. Kh1 Rhf8
29. Rxg7+ Qxg7 30. Qxg7+ Kxg7 31. Kh2 d5 32. h4 d4
33. g3 d3 34. Kh3 d2 35. h5 d1=Q 36. Kh4 Re4+
37. g4 Qh1+ 38. Kg3 Rf3# 0-1

[Event "Game 1080 - Rated game, 12m + 0s"]
[Site "Beginners"]
[Date "2003.02.27"]
[Round "?"]
[White "kmreese"]
[Black "JChurchill"]
[Result "1-0"]
[WhiteElo "1362"]
[BlackElo "1200"]
[PlyCount "59"]
[EventDate "2003.??.??"]

1. e4 e6 2. d4 Nc6 3. Nf3 d5 4. e5 Bb4+
5. c3 Ba5 6. b4 Bb6 7. Ba3 Nxd4 8. cxd4 c5
9. bxc5 Ba5+ 10. Nfd2 Qh4 11. Qa4+ Bd7 12. Qxa5 Qxd4
13. Nb3 Qxe5+ 14. Be2 a6 15. Nc3 d4 16. f4 Qxf4
17. Rf1 Qe3 18. Bc1 Qe5 19. Bf4 Qf6 20. Bb5 Qh4+
21. g3 Qxh2 22. Bxd7+ Kxd7 23. c6+ bxc6 24. Nc5+ Ke7
25. Qc7+ Kf6 26. N3e4+ Kf5 27. g4+ Kxg4 28. Bxh2 Nh6
29. Qg3+ Kh5 30. Qg5# 1-0

[Event "Game 1082 - Rated game, 8m + 2s"]
[Site "Beginners"]
[Date "2003.02.27"]
[Round "?"]
[White "Nosocop"]
[Black "kmreese"]
[Result "0-1"]
[WhiteElo "1370"]
[BlackElo "1391"]
[Annotator "White - Resign"]
[PlyCount "66"]
[EventDate "2003.??.??"]

1. e4 c5 2. Nf3 d6 3. Nc3 Nc6 4. Bc4 Nf6
5. d4 e5 6. dxe5 dxe5 7. Qxd8+ Nxd8 8. Nxe5 Bd6
9. Nf3 O-O 10. e5 Re8 11. O-O Bxe5 12. Nxe5 Rxe5
13. Be3 Bg4 14. Nb5 Nc6 15. h3 Bh5 16. Nc7 Rd8
17. Nb5 Re4 18. Bd3 Rb4 19. b3 Ne5 20. Be2 a6
21. Bxh5 Nxh5 22. Nc3 f5 23. a3 Rh4 24. Bxc5 f4
25. Rae1 Re8 26. g3 Nf3+ 27. Kg2 Nxe1+ 28. Rxe1 Rxe1
29. gxh4 f3+ 30. Kxf3 Rh1 31. Kg4 Nf6+ 32. Kf5 Nd7
33. Ke6 Nxc5+ {White - Resign} 0-1

[Event "Game 1083 - Rated game, 8m + 2s"]
[Site "Beginners"]
[Date "2003.02.27"]
[Round "?"]
[White "kmreese"]
[Black "Nosocop"]
[Result "0-1"]
[WhiteElo "1408"]
[BlackElo "1353"]
[PlyCount "52"]
[EventDate "2003.??.??"]

1. e4 e5 2. Nf3 Nc6 3. Bc4 Nf6 4. Nc3 Nxe4
5. Nxe4 d5 6. Nc5 dxc4 7. d4 exd4 8. Bg5 f6
9. Bf4 Bxc5 10. O-O O-O 11. Re1 Bf5 12. Nh4 Qd7
13. g4 Bxg4 14. Qd2 g5 15. Ng2 gxf4 16. Nxf4 Bd6
17. Nd5 Bxh2+ 18. Kxh2 Qxd5 19. Rg1 Qh5+ 20. Kg2 Kh8
21. Rh1 Bf3+ 22. Kg3 Rg8+ 23. Qg5 Rxg5+ 24. Kf4 Rf5+
25. Kg3 Qg4+ 26. Kh2 Rh5# 0-1

[Event "Game 1084 - Rated game, 8m + 2s"]
[Site "Beginners"]
[Date "2003.02.27"]
[Round "?"]
[White "Nosocop"]
[Black "kmreese"]
[Result "1-0"]
[WhiteElo "1353"]
[BlackElo "1408"]
[PlyCount "89"]
[EventDate "2003.??.??"]

1. e4 e5 2. Nf3 d6 3. Nc3 Bg4 4. Be2 Nf6
5. O-O Nh5 6. Nxe5 Bxe2 7. Qxe2 Nf4 8. Qb5+ c6
9. Qxb7 Nh3+ 10. gxh3 Qg5+ 11. Ng4 Qh4 12. Qxa8 Be7
13. Qxb8+ Bd8 14. Qxd6 Be7 15. Qxc6+ Kf8 16. Qa8+ Bd8
17. Qxa7 Qxh3 18. Ne5 Qh5 19. Qc5+ Kg8 20. Kh1 h6
21. d4 Kh7 22. Rg1 f6 23. Ng4 Re8 24. Qf5+ Qxf5
25. exf5 Re2 26. Be3 Rxc2 27. Rab1 h5 28. Nxf6+ gxf6
29. Rg6 h4 30. Rh6+ Kg7 31. Rxh4 Kg8 32. Rg4+ Kh8
33. d5 Be7 34. Bd4 Bb4 35. Rg6 Bxc3 36. bxc3 Rxa2
37. Rxf6 Ra5 38. Ra6+ Kg8 39. Rxa5 Kf7 40. Re1 Kf8
41. Ra6 Kf7 42. Ree6 Kf8 43. Ra7 Kg8 44. Rb6 Kf8
45. Rb8# 1-0

[Event "Game 1085 - Rated game, 8m + 2s"]
[Site "Beginners"]
[Date "2003.02.27"]
[Round "?"]
[White "kmreese"]
[Black "Nosocop"]
[Result "0-1"]
[WhiteElo "1369"]
[BlackElo "1393"]
[PlyCount "38"]
[EventDate "2003.??.??"]

1. e4 e5 2. Bc4 Nf6 3. d3 d5 4. exd5 Nxd5
5. Nf3 Nc6 6. Ng5 Be7 7. h4 f6 8. Ne4 O-O
9. h5 h6 10. Nbd2 f5 11. Bxd5+ Qxd5 12. c4 Qxd3
13. Ng3 f4 14. Nge4 Bf5 15. f3 Bxe4 16. fxe4 Qg3+
17. Kf1 Qd3+ 18. Kg1 Bc5+ 19. Kh2 Qg3# 0-1